000 00507nam a2200157Ia 4500
008 150610s9999 xx 000 0 und d
020 _a0 316155608
050 _aPZ7
_b.P27653Mix 2008
100 _aPatterson, James
245 _aMaximum ride:
_bsaving the world and other extreme sports /
_cJames Patterson .
260 _aNew York :
_bLittle Brown and Company,
_c2008.
300 _a403pages ;
_c24 cm.
520 _aFiction.
650 _aAdventure and adventurer
_xFiction.
650 _xScience fiction.
999 _c288195
_d288195